Experiencing Japanese culture : An activity and Q-A approach

Bewaard in:
Bibliografische gegevens
Formaat: Boek
Taal:Undetermined
Gepubliceerd in: Tokyo Kyobundo 1989
Tags: Voeg label toe
Geen labels, Wees de eerste die dit record labelt!
Thư viện lưu trữ: Trung tâm Học liệu Trường Đại học Cần Thơ
LEADER 00433nam a2200169Ia 4500
001 CTU_112032
008 210402s9999 xx 000 0 und d
020 |c 26.95 
082 |a 915.2 
082 |b E96 
245 0 |a Experiencing Japanese culture : 
245 3 |b An activity and Q-A approach 
260 |a Tokyo 
260 |b Kyobundo 
260 |c 1989 
904 |i M.Loan 
980 |a Trung tâm Học liệu Trường Đại học Cần Thơ